00318nam a2200109Ia 4500008004000000020001800040082001300058100001100071245006000082260005800142300000800200210210b2004 xxu||||| |||| 00| 0 eng d a81 7881 946 5 a658 ICFI aICFAI. aIntroduction to management: for undergraduate programs. aHyderabadbICFAI Center for Management Researchc2004 a277